Statistics for Names of famous social scientists and philosophers of social science

Click here to take the quiz!

General Stats

  • This quiz has been taken 209 times
    (208 since last reset)
  • The average score is 7 of 21

Answer Stats

Last NameFirst Name% Correct
FreudSigmund
94%
JungCarl
73%
WeberMax
57%
EngelsFriedrich
51%
DurkheimEmil
46%
FoucaultMichel
46%
PavlovIvan
43%
WittgensteinLudwig
40%
MeadMargaret
37%
Levi-StraussClaude
32%
KeynesJohn Maynard
32%
SimmelGeorg
28%
KuhnThomas
27%
MilgramStanley
26%
BourdieuPierre
25%
McLuhanMarshall
19%
GoffmanErving
16%
ZimbardoPhilip
15%
MintzbergHenry
14%
ParsonsTalcott
14%
AschSolomon
9%

Score Distribution

Percentile by Number Answered

Percent of People with Each Score

Your Score History

You have not taken this quiz since the last reset